000 00360cam a22001217a 4500
008 180718b1929 xxu||||| |||| 00| 0 eng d
082 _aT4x42 T367
100 _aThomas, S. Evelyn
245 _aMacmillan report: a short summary of its main points
_cby S. Evelyn Thomas
260 _a
_bStationers Hall Court
_c1929
300 _a17p.
650 _aMacmillan report
999 _c430746
_d430746